000
00310nam a22001337a 4500
008
181016b xxu||||| |||| 00| 0 eng d
020
_a
9780761909897
041
_a
eng
080
_a
316
100
_a
50
101
_a
SOC
245
_a
Career Strategies for Women in Academe
_c
Collins,L.H
942
_2
udc
_c
BK
999
_c
49866
_d
49866